<?xml version="1.0" encoding="UTF-8"?>
<record
    xmlns:xsi="http://www.w3.org/2001/XMLSchema-instance"
    xsi:schemaLocation="http://www.loc.gov/MARC21/slim http://www.loc.gov/standards/marcxml/schema/MARC21slim.xsd"
    xmlns="http://www.loc.gov/MARC21/slim">

  <leader>00806nam a2200241Ia 4500</leader>
  <controlfield tag="005">20220719124633.0</controlfield>
  <controlfield tag="008">210716s2007    xx            000 0 und d</controlfield>
  <datafield tag="020" ind1=" " ind2=" ">
    <subfield code="a">9788126508648</subfield>
  </datafield>
  <datafield tag="040" ind1=" " ind2=" ">
    <subfield code="c">AIMIT LIBRARY</subfield>
  </datafield>
  <datafield tag="041" ind1=" " ind2=" ">
    <subfield code="a">eng</subfield>
  </datafield>
  <datafield tag="082" ind1=" " ind2=" ">
    <subfield code="a">005.136 </subfield>
    <subfield code="2">2</subfield>
    <subfield code="b">DENA</subfield>
  </datafield>
  <datafield tag="100" ind1=" " ind2=" ">
    <subfield code="a">Dennis, Alan.</subfield>
    <subfield code="9">51194</subfield>
  </datafield>
  <datafield tag="245" ind1=" " ind2=" ">
    <subfield code="a">Systems analysis and design with uml version2.0 :</subfield>
    <subfield code="b">object oriented approach /</subfield>
    <subfield code="c">By Alan Dennis, Barbara Haley Wixom and David Tegarden. </subfield>
  </datafield>
  <datafield tag="250" ind1=" " ind2=" ">
    <subfield code="a">2nd ed.</subfield>
  </datafield>
  <datafield tag="260" ind1=" " ind2=" ">
    <subfield code="a">New Delhi :</subfield>
    <subfield code="b">John Wiley and Sons ,</subfield>
    <subfield code="c">2007.</subfield>
  </datafield>
  <datafield tag="300" ind1=" " ind2=" ">
    <subfield code="a">xvii, 525P. ;</subfield>
    <subfield code="c">23 cm.</subfield>
  </datafield>
  <datafield tag="650" ind1=" " ind2=" ">
    <subfield code="a">Planning phase</subfield>
    <subfield code="9">51195</subfield>
  </datafield>
  <datafield tag="650" ind1=" " ind2=" ">
    <subfield code="a">Analysis phase</subfield>
    <subfield code="9">51196</subfield>
  </datafield>
  <datafield tag="650" ind1=" " ind2=" ">
    <subfield code="a">Design phase</subfield>
    <subfield code="9">51197</subfield>
  </datafield>
  <datafield tag="700" ind1=" " ind2=" ">
    <subfield code="a">Wixom, Barbara Haley.</subfield>
    <subfield code="9">51198</subfield>
  </datafield>
  <datafield tag="700" ind1=" " ind2=" ">
    <subfield code="a"> Tegarden, David.</subfield>
    <subfield code="9">51199</subfield>
  </datafield>
  <datafield tag="942" ind1=" " ind2=" ">
    <subfield code="2">ddc</subfield>
    <subfield code="c">BK</subfield>
    <subfield code="e">2nd ed.</subfield>
    <subfield code="k">00.136 DENA</subfield>
  </datafield>
  <datafield tag="999" ind1=" " ind2=" ">
    <subfield code="c">189309</subfield>
    <subfield code="d">189309</subfield>
  </datafield>
  <datafield tag="952" ind1=" " ind2=" ">
    <subfield code="0">0</subfield>
    <subfield code="1">0</subfield>
    <subfield code="2">ddc</subfield>
    <subfield code="4">0</subfield>
    <subfield code="7">0</subfield>
    <subfield code="8">MCA</subfield>
    <subfield code="a">AIMIT</subfield>
    <subfield code="b">AIMIT</subfield>
    <subfield code="e">Current Books</subfield>
    <subfield code="g">379.00</subfield>
    <subfield code="i">Bill no:700011; Bill dt:2009-02-</subfield>
    <subfield code="l">0</subfield>
    <subfield code="o">005.136 DENA</subfield>
    <subfield code="p">MCA08816</subfield>
    <subfield code="r">2026-05-23 00:00:00</subfield>
    <subfield code="v">379.00</subfield>
    <subfield code="w">2021-07-16</subfield>
    <subfield code="y">BK</subfield>
  </datafield>
  <datafield tag="952" ind1=" " ind2=" ">
    <subfield code="0">0</subfield>
    <subfield code="1">0</subfield>
    <subfield code="2">ddc</subfield>
    <subfield code="4">0</subfield>
    <subfield code="7">0</subfield>
    <subfield code="8">MCA</subfield>
    <subfield code="a">AIMIT</subfield>
    <subfield code="b">AIMIT</subfield>
    <subfield code="e">Current Books</subfield>
    <subfield code="g">379.00</subfield>
    <subfield code="i">Bill no:700011; Bill dt:2009-02-</subfield>
    <subfield code="l">0</subfield>
    <subfield code="o">005.136 DENA</subfield>
    <subfield code="p">MCA08817</subfield>
    <subfield code="r">2026-05-23 00:00:00</subfield>
    <subfield code="v">379.00</subfield>
    <subfield code="w">2021-07-16</subfield>
    <subfield code="y">BK</subfield>
  </datafield>
</record>
